Champions de première division russe (soviétique) - Statistiques

Statistiques générales
  • Ce quiz a été pris 41 fois
  • Le résultat moyen est 7 sur 14
Statistiques - réponses
Club % Correct
Zénith Saint-Pétersbourg
94%
CSKA Moscou
89%
Spartak Moscou
83%
Dynamo Moscou
78%
Lokomotiv Moscou
78%
Rubin Kazan
67%
Dynamo Kiev
61%
Dinamo Minsk
36%
Dinamo Tbilissi
31%
Torpedo Moscou
25%
Ararat Erevan
17%
FK Dnipro
11%
Alania Vladikavkaz
6%
Zorya Louhansk
3%
Aucun quiz correspondant
Distribution des résultats
% des personnes avec chaque résultat
Percentile par nombre de réponses
Votre historique - résultats
Vous n’avez pas pris ce quiz